Student's handbook on cost and management accounting / (Record no. 181039)

MARC details
000 -LEADER
fixed length control field 00751nam a2200193 4500
005 - DATE AND TIME OF LATEST TRANSACTION
control field 20210826162140.0
010 ## - LCCN (DPL NO)
LC control number B-741406
020 ## - INTERNATIONAL STANDARD BOOK NUMBER
International Standard Book Number 9789386691279
Terms of availability 795.00
035 ## - SYSTEM CONTROL NUMBER
System control number B-741406
037 ## - SOURCE OF ACQUISITION
Source of stock number/acquisition Gift
082 ## - DEWEY DECIMAL CLASSIFICATION NUMBER
Classification number 657.42
100 ## - MAIN ENTRY--PERSONAL NAME
Personal name Prasath,B.Saravana
245 ## - TITLE STATEMENT
Title Student's handbook on cost and management accounting /
Statement of responsibility, etc by B.Saravana Prasath
260 ## - PUBLICATION, DISTRIBUTION, ETC. (IMPRINT)
Place of publication, distribution, etc Gurgaon (Haryana)
Name of publisher, distributor, etc Wolters Kluwer
Date of publication, distribution, etc 2017
270 ## - ADDRESS
Address 10th Floor, Tower C Building No.10 Phase-ll, DLF Cyber City,
City Gurgaon (Haryana)
300 ## - PHYSICAL DESCRIPTION
Extent vp.:
Other physical details ill
Dimensions 28cm(pbk)
942 ## - ADDED ENTRY ELEMENTS (KOHA)
Source of classification or shelving scheme Dewey Decimal Classification
Item type English Books
Classification part 657.42
Call number suffix PRA
Holdings
Withdrawn status Lost status Not for loan Collection code Home library Current library Date acquired Source of acquisition Cost, normal purchase price Full call number Barcode Copy number Cost, replacement price Koha item type Public note
      Non-fiction Central Library Central Library 26/08/2021 Gift/Eng/18.8.2021 795.00 657.42 PRA B-741406 1 795.00 English Books Gift

© Delhi Public Library
Hit Counter
free hit counter